Trouvez l'acteur ou l'actrice...15 - Statistiques

Statistiques générales
  • Ce quiz a été pris 70 fois
  • Le résultat moyen est 6 sur 15
Statistiques - réponses
Films / Séries Acteurs / Actrices % Correct
Les rois mages - Les trois frères - Le coeur des hommes Bernard Campan
71%
Ne le dis à personne - Les petits mouchoirs - Intouchables François Cluzet
69%
La famille Bélier - Nos patriotes - Les Affamés Louane
56%
Vilaine - Les nouvelles aventures de Cendrillon - Nos jours heureux Marilou Berry
53%
Speed - Extrêmement fort et incroyablement près - La proposition Sandra Bullock
52%
37°2 le matin - La vengeance d'une femme - La belle histoire Béatrice Dalle
50%
Le secret de Brokeback Mountain - Zodiac - L'amour par accident Jake Gyllenhaal
44%
Desperado - Wild wild west - Frida Salma Hayek
44%
Les poupées russes - La belle saison - Un secret Cécile de France
42%
La main au collet - La mort aux trousses - Arsenic et vieilles dentelles Cary Grant
34%
Gossip girl - L'ombre d'Emily - Instinct de survie Blake Lively
32%
Le bureau des légendes - Le poulpe - Un air de famille Jean-Pierre Darroussin
32%
Sexy dance - Je te promets - 22 Jump Street Channing Tatum
31%
Veronica Mars - Lolita malgré moi - Mamma mia Amanda Seyfried
23%
Le dernier métro - La boum - Péril en la demeure Richard Bohringer
3%
Aucun quiz correspondant
Distribution des résultats
% des personnes avec chaque résultat
Percentile par nombre de réponses
Votre historique - résultats
Vous n’avez pas pris ce quiz